Регионална библиотека "Любен Каравелов" - Русе

Щастието на нощното шкафче (Запис номер 372611)

MARC детайли
000 -Лидер
Контролно поле с фиксирана дължина 01481nam a2200301 a 4500
003 - Код на организацията, давaща контролен номер
Контролно поле BLK
005 - Дата и час на последна редакция
Контролно поле 20250417165732.0
008 - Елементи от данни с фиксирана дължина
fixed length control field 200702b bu ||||| |||| 00| 0 bu d
020 ## - Международен стандартен номер на книга ISBN
Международен стандартен номер на книга ISBN 9789544748579
040 ## - Източник на каталожния запис
Идентификатор на билиотеката - собственик на записа BLK
041 ## - Код за език
Код за езика на текст/звукозапис или на отделно заглавие Български
Код за езика КДБФ Български
080 ## - УДК
Текстов определител УДК Емоции, чувства, преживявания. Емпатия
УДК код - определител по УДК 159.942
УДК - код + определител 159.942
080 ## - УДК
Текстов определител УДК Индивидуална етика. Морално съзнание. Задължения на човека към самия себе си. Поведение на отделен човек
УДК код - определител по УДК 171
УДК определител .02
УДК - код + определител 171.02
100 ## - Редна дума - Автор
Автор Симоне, Алберто
Авторска отговорност първи автор
R(LIN) 1299
139 ## - Редно поле
Редна дума Симоне, Алберто
Авторски знак Сим - С 37
245 ## - Сведения за заглавието
Заглавие Щастието на нощното шкафче
Подзаглавни данни малки тайни, за да живеем всеки ден по-добре
Редно поле (дума) Алберто Симоне ; прев. от итал. Вера Петрова
260 ## - Област на издателските данни
9 (RLIN) 209528
Място на издаване, разпространение и проч. София
Име на издателя, разпространителя и проч. Кибеа
Година на издаване 2018
Печатница ([София] : Ифо дизайн)
300 ## - Физическа характеристика
Страници 152 с.
Размери/Мащаб 18 см
380 ## - Жанр
Жанр Философия
500 ## - Общи забележки
Забележка Ориг. загл.: La felicità sul comodino / Alberto Simone<br/>За авт.: с. 2.
650 #7 - Допълнително описание по предмет – тема
9 (RLIN) 177943
Основно описание – тема или топоним Щастие
700 ## - Други автори (авторска отговорност)
9 (RLIN) 342056
Лично име Петрова, Вера Върбанова
Автороска отговорност (Описва отношението между автора и произведението) прев. от итал.
852 ## - Местоположение
Фондова буква Заемна - подръчен фонд
Систематично-азбучна сигнатура 159.9/С 37А
852 ## - Местоположение
Форматна сигнатура Цб І 39114
Фондова буква Хранилище
999 ## - СИСТЕМНИ КОНТРОЛНИ НОМЕРА
Koha biblionumber 372611
Koha biblioitemnumber 372611
942 ## - АРТИКУЛИ
Източник на класификационната схема Universal Decimal Classification
Вид на библиотечния материал Книги
Скрит в OPAC Не
Периодичен библиозапис Да
Koha issues (borrowed), all copies 20
944 ## - СЪЗДАВАНЕ И РЕДАКЦИЯ на ЗАПИСА
Създаване/Редакция Създаване
Дата на регистрацията/редакция 2020-07-02
Служител, извършил регистрацията/редакцията 30576
Статус, дата на статуса Цветомила Тодорова
999 ## - СИСТЕМНИ КОНТРОЛНИ НОМЕРА
Koha biblioitemnumber 372611
Наличности
Код за отписване Код за изгубен артикул Източник на класификационната схема Код за повреда Коз за рестрикции Код за отдаване Артикулен № Име на библиотеката - собственик Име на библиотеката, в която се намира в момента Статус (Текущо местоположение) Дата на вписване в системата Местоположение - отдел Цена в лева Инвентарен номер Систематично азбучна сигнатура Баркод Цена в евро Служебен тип на артикула
  Не е изгубен Universal Decimal Classification Не е повреден само за читалня ползва се в читалня 781430 Регионална библиотека "Любен Каравелов" Русе Регионална библиотека "Любен Каравелов" Русе Хранилище 2020-07-06 Хранилище 15.00 120000845009 Цб І 39114 120000845009 7.67 Книги
  Не е изгубен Universal Decimal Classification Не е повреден без рестрикции заемане за дома 802395 Регионална библиотека "Любен Каравелов" Русе Регионална библиотека "Любен Каравелов" Русе Заемна - подръчен фонд 2020-10-02 Заемна - подръчен фонд 10.22   159.9/С 37 А 120000848484 5.23 Книги
  Не е изгубен Universal Decimal Classification Не е повреден без рестрикции заемане за дома 802396 Регионална библиотека "Любен Каравелов" Русе Регионална библиотека "Любен Каравелов" Русе Заемна - подръчен фонд 2020-10-02 Заемна - подръчен фонд 10.22   159.9/С 37 А 120000848485 5.23 Книги
Vip Innovations Ltd, Rousse, Bulgaria 2025